| 000 | 01281nam a2200325 i 4500 | ||
|---|---|---|---|
| 003 | EG-GICUC | ||
| 005 | 20260121101444.0 | ||
| 008 | 251209s1990 ua ||||fr|||| 000 0 ara d | ||
| 017 | _a1991/8001 | ||
| 020 | _a977-04-0743-7 | ||
| 040 |
_a EG-GICUC _bara _c EG-GICUC _d EG-GICUC _erda |
||
| 041 | _aara | ||
| 082 | 0 | 4 |
_221 _a343.30531 _bأ ح . إ |
| 092 | 0 | 4 | _221 |
| 099 | _aLaw1 10 343.30531 أ ح . إ 1990 | ||
| 100 | 0 |
_aاحمد عوض بلال _eمؤلف. |
|
| 245 | 1 | 2 |
_aالإجراءات الجنائية المقارنة والنظام الاجرائي في المملكة العربية السعودية / _cاحمد عوض بلال. |
| 264 | 1 |
_aالقاهرة : _bدار النهضة العربية, _c1990. |
|
| 300 |
_a1238 صفحة ؛ _c24 سم |
||
| 336 |
_2rda content _atext |
||
| 337 |
_2rda media _aComputer |
||
| 338 |
_2rda carrier _aOnline Resource |
||
| 504 | _a. 1216-1185ببليوجرافيا: صفحات. | ||
| 546 | _aالنص أغلبه باللغة العربية بعض النصوص الإنجليزية والفرنسية | ||
| 650 | 1 | 4 |
_a قانون الإجراءات الجنائية _2qrmak |
| 651 | 1 | _2qrmak | |
| 856 | 4 | 0 | _uhttps://fll.law.cu.edu.eg/fulltext/bks/B10-05595.pdf |
| 905 |
_a79 _eHassnaa |
||
| 942 |
_2ddc _cBK _e21 _n0 |
||
| 999 |
_c49275 _d49275 |
||